Music Quiz

Random Music or Artist Quiz

Top 40: 1980 (audio) Quiz Stats

 Plays Quiz not verified by Sporcle

Support Sporcle.
Go Orange.
Score 0/40 Timer 12:00
0 Plays Today
Time Title % Correct
1:06 - 1:13Whip It
90.2%
0:00 - 0:08You Shook Me All Night Long
89.2%
3:34 - 3:39Cars
89.2%
3:56 - 4:03Brass In Pocket (I'm Special)
81.4%
2:44 - 2:50Any Way You Want It
78.4%
5:09 - 5:17Turning Japanese
78.4%
3:47 - 3:55Refugee
75.8%
1:39 - 1:46I Can't Tell You Why
72.7%
0:50 - 0:57Train In Vain (Stand By Me)
70.6%
1:55 - 2:03Stand By Me
70.1%
3:26 - 3:33On The Road Again
69.6%
4:04 - 4:11I Love A Rainy Night
67.5%
1:47 - 1:54Love Stinks
66%
3:08 - 3:16Shining Star
64.9%
1:30 - 1:38Steal Away
61.9%
2:28 - 2:35Theme From The Dukes Of Hazzard (Good Ol' Boys)
58.8%
4:12 - 4:18She's So Cold
56.7%
4:45 - 4:52Hey Nineteen
55.7%
4:53 - 5:00Let My Love Open The Door
53.6%
3:17 - 3:25Into The Night
52.1%
Time Title % Correct
4:19 - 4:27You'll Accomp'ny Me
50%
3:40 - 3:46Games People Play
47.9%
2:20 - 2:27Ah! Leah
43.8%
0:09 - 0:16Atomic
43.3%
0:25 - 0:32Boulevard
42.8%
2:51 - 2:58One Fine Day
41.8%
0:33 - 0:40Tired Of Toein' The Line
41.2%
2:12 - 2:19Him
40.2%
1:22 - 1:29Pilot Of The Airwaves
35.1%
0:41 - 0:49Touch And Go
34.5%
2:36 - 2:43Sometimes A Fantasy
33.5%
0:17 - 0:24Who's Makin' Love
32%
4:37 - 4:44Take Your Time (Do It Right)
32%
2:04 - 2:11Even It Up
30.4%
4:28 - 4:36One Trick Pony
28.4%
2:59 - 3:07Baby Talks Dirty
24.2%
0:58 - 1:05Wondering Where The Lions Are
23.7%
5:18 - 5:24Lady
19.1%
1:14 - 1:21One Step Closer
16%
5:01 - 5:08Set Me Free
15.5%

You're not logged in!

Compare scores with friends on all Sporcle quizzes.
OR
Log In

From the Vault

NBA Stars Image Criteria

by gazzso

What are the most important criteria for becoming an NBA star?
Remove Ads.
Support Sporcle.
Get the best of Sporcle when you Go Orange. This ad-free experience offers more features, more stats, and more fun while also helping to support Sporcle. Thank you for becoming a member.

Show Comments

Extras

Top Quizzes Today


Score Distribution

Your Account Isn't Verified!

In order to create a playlist on Sporcle, you need to verify the email address you used during registration. Go to your Sporcle Settings to finish the process.

Report this User

Report this user for behavior that violates our Community Guidelines.

Details: